000 00293nam a22001337a 4500
008 181022b xxu||||| |||| 00| 0 eng d
020 _a42086
041 _aeng
080 _a573
100 _a9
101 _aMJE
245 _aSoil Fertility and Fertilizers
_cTisdale, S.L
942 _2udc
_cBK
999 _c50479
_d50479